<?xml version="1.0" encoding="UTF-8"?>
<record
    xmlns:xsi="http://www.w3.org/2001/XMLSchema-instance"
    xsi:schemaLocation="http://www.loc.gov/MARC21/slim http://www.loc.gov/standards/marcxml/schema/MARC21slim.xsd"
    xmlns="http://www.loc.gov/MARC21/slim">

  <leader>00848nam a22002657a 4500</leader>
  <controlfield tag="005">20170818091948.0</controlfield>
  <controlfield tag="008">141107s2000    ec a   gr     00010 spa d</controlfield>
  <datafield tag="020" ind1=" " ind2=" ">
    <subfield code="a">9978045910</subfield>
  </datafield>
  <datafield tag="022" ind1=" " ind2=" ">
    <subfield code="a">13901222</subfield>
  </datafield>
  <datafield tag="040" ind1=" " ind2=" ">
    <subfield code="a">CO-BoIAVH</subfield>
    <subfield code="c">CO-BoIAVH</subfield>
  </datafield>
  <datafield tag="041" ind1=" " ind2=" ">
    <subfield code="a">spa</subfield>
  </datafield>
  <datafield tag="044" ind1=" " ind2=" ">
    <subfield code="a">ec</subfield>
  </datafield>
  <datafield tag="082" ind1="0" ind2="4">
    <subfield code="a">577.38</subfield>
    <subfield code="b">P5</subfield>
  </datafield>
  <datafield tag="245" ind1="0" ind2="0">
    <subfield code="a">Los suelos del p&#xE1;ramo / </subfield>
    <subfield code="c"> editado por Galo Medina, Carmen Josse y Patricio Mena</subfield>
  </datafield>
  <datafield tag="260" ind1="3" ind2=" ">
    <subfield code="a">Quito : </subfield>
    <subfield code="b">Ediciones Abya-Yala, </subfield>
    <subfield code="c">2000.</subfield>
  </datafield>
  <datafield tag="300" ind1=" " ind2=" ">
    <subfield code="a">75 p&#xE1;ginas : </subfield>
    <subfield code="c">21 cm.</subfield>
  </datafield>
  <datafield tag="490" ind1=" " ind2=" ">
    <subfield code="a">P&#xE1;ramo</subfield>
    <subfield code="v">5</subfield>
  </datafield>
  <datafield tag="650" ind1=" " ind2="6">
    <subfield code="a">P&#xE1;ramos.</subfield>
    <subfield code="x">erosi&#xF3;n</subfield>
  </datafield>
  <datafield tag="650" ind1=" " ind2="6">
    <subfield code="a">Comunidades</subfield>
    <subfield code="x">Sobrepastoreo</subfield>
    <subfield code="z"> Ecuador.</subfield>
  </datafield>
  <datafield tag="700" ind1="1" ind2=" ">
    <subfield code="a">Medina, Galo </subfield>
    <subfield code="e">editor</subfield>
  </datafield>
  <datafield tag="700" ind1="1" ind2=" ">
    <subfield code="a">Josse, Carmen</subfield>
    <subfield code="e">editora</subfield>
  </datafield>
  <datafield tag="700" ind1="1" ind2=" ">
    <subfield code="a">Mena, Patricio</subfield>
    <subfield code="e">editor</subfield>
  </datafield>
  <datafield tag="710" ind1="2" ind2=" ">
    <subfield code="a">Grupo de Trabajo en P&#xE1;ramos del Ecuador (GTP)</subfield>
  </datafield>
  <datafield tag="942" ind1=" " ind2=" ">
    <subfield code="2">ddc</subfield>
    <subfield code="c">LIBRO</subfield>
  </datafield>
  <datafield tag="999" ind1=" " ind2=" ">
    <subfield code="c">19744</subfield>
    <subfield code="d">19744</subfield>
  </datafield>
  <datafield tag="952" ind1=" " ind2=" ">
    <subfield code="0">0</subfield>
    <subfield code="1">0</subfield>
    <subfield code="2">ddc</subfield>
    <subfield code="3">5</subfield>
    <subfield code="4">0</subfield>
    <subfield code="7">0</subfield>
    <subfield code="8">GENERAL</subfield>
    <subfield code="I">INV2017</subfield>
    <subfield code="a">Bogota</subfield>
    <subfield code="b">Bogota</subfield>
    <subfield code="d">2017-08-18</subfield>
    <subfield code="e">Instituto</subfield>
    <subfield code="g">39000.00</subfield>
    <subfield code="l">0</subfield>
    <subfield code="o">LB-577.38 P5</subfield>
    <subfield code="p">008467</subfield>
    <subfield code="r">2017-08-18 00:00:00</subfield>
    <subfield code="t">Ej. 1</subfield>
    <subfield code="w">2017-08-18</subfield>
    <subfield code="x">Canje</subfield>
    <subfield code="y">LIBRO</subfield>
  </datafield>
</record>
